000 00495nam a2200169Ia 4500
008 240729s9999 xx 000 0 und d
022 _a2476-5120
245 0 _aJournal of Cellular and Molecular Anesthesia
260 _aIran, Islamic Republic of
260 _bShahid Beheshti University of Medical Sciences
650 _a Anesthesiology
650 _a Surgery
650 _aMedicine
856 _uhttps://doaj.org/toc/254b76f2f45d4d5eabfe5775e973f6ca
942 _2ddc
942 _cDOAJEJ
999 _c66683
_d66683
945 _a1
_bMadushi Gamage
_c1
_dMadushi Gamage